| 000 | 00754cam a2200193 i 4500 | ||
|---|---|---|---|
| 005 | 20251228084919.0 | ||
| 008 | 250721s1994 jo gr 000 0 ara d | ||
| 082 | 1 | 4 |
_a218,52 _bع ظ م |
| 100 | 1 |
_aالعظم، يوسف _eمؤلف. |
|
| 245 | 1 | 0 |
_aفي آفاق العمل الإسلامي والسياسة الشرعية : _bأحكام شرعية و مسيرة حركية وتجربة حياتية / _cتأليف يوسف العظم. |
| 250 | _aالطبعة الأولى. | ||
| 264 | 3 | 1 |
_aعمان : _bدار المنار للنشر والتوزيع، _c1994. |
| 300 | _a206 صفحة. | ||
| 650 | 1 | 7 | _aالدعوة الإسلامية. |
| 650 | 1 | 7 | _aالقيادة. |
| 650 | 1 | 7 | _aالإسلام. |
| 942 |
_2ddc _cBK |
||
| 999 |
_c4660 _d4660 |
||